London : hotels & more

Bibliographic Details
Main Author: Taschen, Angelika
Format: Book
Published: German : Taschen , 2006
Subjects:

MARC

LEADER 00000cam a2200000 7i4500
001 0000019224
005 20080619.0
008 080614
020 |a 3822824097 
090 0 0 |a 914.2106186   |b TAS 
100 1 |a Taschen, Angelika 
245 1 0 |a London :   |b hotels & more   |c Angelika Taschen 
260 |a German :   |b Taschen ,   |c 2006 
650 0 |a Hotels   |z England   |z London   |x guide books 
650 0 |a Hotels   |z England   |z London   |x pictorial works 
650 0 |a London (England)   |x guide books 
650 0 |a London (England)   |x pictorial works 
700 1 |a Taschen, Angelika 
999 |a 0001024953   |b Book   |c REFERENCE   |e Perbadanan Perpustakaan Awam Johor